[Event "DEN-ch KP Gr1"]
[Site "Svendborg"]
[Date "2023.04.05"]
[Round "2"]
[White "Christensen, John Christoffer H"]
[Black "Marthedal, Anton Mehmet Yildiz"]
[Result "0-1"]
[WhiteElo "1924"]
[BlackElo "2072"]
[PlyCount "140"]
[EventDate "2023.04.05"]
[EventType "swiss"]
[EventRounds "5"]
[EventCountry "DEN"]
[SourceTitle "CBM 213 Extra"]
[Source "ChessBase"]
[SourceDate "2023.05.31"]
[SourceVersion "1"]
[SourceVersionDate "2023.05.31"]
[SourceQuality "1"]

1. e4 c5 2. Nf3 d6 3. d4 cxd4 4. Nxd4 Nf6 5. Nc3 a6 6. h4 e5 7. Nb3 Be7 8. Bg5 Be6 9. Bxf6 Bxf6 10. g3 Nc6 11. a4 Rc8 12. Bh3 Qd7 13. Bxe6 fxe6 14. Qh5+ Qf7 15. Qe2 0-0 16. Rd1 Nd4 17. Nxd4 exd4 18. Nb1 Qc7 19. Na3 Qa5+ 20. Rd2 Qxa4 21. 0-0 Rc5 22. Qg4 Qd7 23. b3 b5 24. f4 Rfc8 25. Rff2 Bd8 26. Kg2 Bb6 27. Rfe2 Rc3 28. e5 dxe5 29. Rxe5 R8c6 30. Rde2 Re3 31. h5 h6 32. Qg6 Rxe2+ 33. Rxe2 e5 34. Qe4 exf4 35. Qxf4 Bc7 36. Qe4 Rc3 37. Qa8+ Bd8 38. Qe4 Bf6 39. Nb1 Rc5 40. Qa8+ Kf7 41. Qf3 Rf5 42. Qe4 Rxh5 43. g4 Rg5 44. Kf3 h5 45. Rg2 Rxg4 46. Rxg4 Qxg4+ 47. Qxg4 hxg4+ 48. Kxg4 Ke6 49. Nd2 Kd5 50. Kf5 Kc5 51. Ke4 Kb4 52. Kd3 a5 53. Ne4 a4 54. bxa4 bxa4 55. Kd2 Be5 56. Kc1 g5 57. Kb2 g4 58. Nf2 d3+ 59. Kc1 Bf4+ 60. Kd1 a3 61. Nxd3+ Kc3 62. Nxf4 a2 63. Ne2+ Kc4 64. Kd2 a1Q 65. Nc1 Qc3+ 66. Kd1 g3 67. Ne2 g2 68. Ng1 Qa1+ 69. Ke2 Qxg1 70. Kf3 Qf1+ 0-1

[Event "DEN-ch G7 Gr1"]
[Site "Svendborg"]
[Date "2023.04.05"]
[Round "1"]
[White "Ostergreen Johansen, Benjamin"]
[Black "Marthedal, Anton Mehmet Yildiz"]
[Result "1-0"]
[WhiteElo "1962"]
[BlackElo "2072"]
[PlyCount "87"]
[EventDate "2023.04.05"]
[EventType "swiss"]
[EventRounds "7"]
[EventCountry "DEN"]
[SourceTitle "CBM 213 Extra"]
[Source "ChessBase"]
[SourceDate "2023.05.31"]
[SourceVersion "1"]
[SourceVersionDate "2023.05.31"]
[SourceQuality "1"]

1. e4 c5 2. Nf3 d6 3. d4 cxd4 4. Nxd4 Nf6 5. Nc3 a6 6. Be3 e5 7. Nf3 Qc7 8. a4 Be7 9. Be2 0-0 10. 0-0 h6 11. a5 Be6 12. Nd5 Nxd5 13. exd5 Bf5 14. c4 Bg6 15. Nd2 Nd7 16. b4 f5 17. f4 Bf6 18. Rc1 Rae8 19. Nb3 Rf7 20. c5 Kh8 21. c6 Nf8 22. b5 exf4 23. b6 Qc8 24. Bxf4 Be5 25. Bxe5 Rxe5 26. Bf3 Rfe7 27. Nd4 Re3 28. cxb7 Qxb7 29. Nc6 Re8 30. Qd2 Nd7 31. Qd4 Nc5 32. Nd8 Qe7 33. Ne6 f4 34. Nxc5 dxc5 35. Qxc5 Qxc5 36. Rxc5 Bd3 37. Rfc1 Kh7 38. b7 Kg6 39. R5c3 Re1+ 40. Kf2 Rxc1 41. Rxc1 Rb8 42. d6 Bf5 43. Rc7 Kf6 44. d7 1-0

[Event "Copenhagen Obro New Year op"]
[Site "Copenhagen"]
[Date "2022.12.27"]
[Round "2"]
[White "Marthedal, Anton Mehmet Yildiz"]
[Black "Ramsdal, Jens Albert"]
[Result "0-1"]
[WhiteElo "2054"]
[BlackElo "2320"]
[PlyCount "42"]
[EventDate "2022.12.27"]
[EventType "swiss"]
[EventRounds "7"]
[EventCountry "DEN"]
[SourceTitle "CBM 211 Extra"]
[Source "ChessBase"]
[SourceDate "2023.01.31"]
[SourceVersion "1"]
[SourceVersionDate "2023.01.31"]
[SourceQuality "1"]

1. d4 Nf6 2. c4 e6 3. g3 d5 4. Bg2 Be7 5. Nf3 0-0 6. 0-0 dxc4 7. Ne5 Nc6 8. Bxc6 bxc6 9. Nxc6 Qe8 10. Nxe7+ Qxe7 11. Qa4 e5 12. dxe5 Qxe5 13. Qxc4 Be6 14. Qc2 Bf5 15. Qc4 Rfd8 16. Qf4 Qe6 17. Nc3 Rab8 18. f3 Bh3 19. Re1 Rd3 20. Kf2 Re8 21. Bd2 Qb6+ 0-1

[Event "Malmo op"]
[Site "Malmo"]
[Date "2022.12.16"]
[Round "2"]
[White "Galperin, Platon"]
[Black "Marthedal, Anton Mehmet Yildiz"]
[Result "1-0"]
[WhiteElo "2530"]
[BlackElo "2054"]
[PlyCount "103"]
[EventDate "2022.12.16"]
[EventType "swiss"]
[EventRounds "8"]
[EventCountry "SWE"]
[SourceTitle "CBM 211 Extra"]
[Source "ChessBase"]
[SourceDate "2023.01.31"]
[SourceVersion "1"]
[SourceVersionDate "2023.01.31"]
[SourceQuality "1"]

1. d4 d5 2. c4 dxc4 3. e4 b5 4. a4 c6 5. axb5 cxb5 6. Nc3 Qb6 7. b3 e6 8. bxc4 Bb4 9. Bd2 bxc4 10. Bxc4 Nf6 11. e5 Bxc3 12. Bxc3 Nd5 13. Bxd5 exd5 14. Rb1 Qg6 15. Nf3 Qe4+ 16. Kf1 0-0 17. Kg1 Bg4 18. h3 Bxf3 19. gxf3 Qf5 20. Rb5 Rc8 21. Bd2 Nd7 22. Kh2 Nb6 23. Rg1 Rc2 24. Qb1 Qd3 25. Be1 Rac8 26. Rc5 Qf5 27. Bd2 g6 28. Rg2 Kh8 29. Bg5 Nd7 30. Rxd5 Nb6 31. Rc5 Rxf2 32. Rxc8+ Nxc8 33. Qxf5 Rxg2+ 34. Kxg2 gxf5 35. Kg3 Kg7 36. Kf4 Nb6 37. Kxf5 a5 38. Ke4 a4 39. Bc1 Kg6 40. d5 f5+ 41. Kd4 Kf7 42. e6+ Ke7 43. Kc5 Nc8 44. Bg5+ Ke8 45. d6 Nxd6 46. Kxd6 a3 47. Bc1 a2 48. Bb2 h5 49. Ke5 h4 50. Kxf5 Ke7 51. Ke5 Ke8 52. f4 1-0

[Event "Bronshoj Autumn Gr-1"]
[Site "Copenhagen"]
[Date "2022.10.27"]
[Round "1"]
[White "Marthedal, Anton Mehmet Yildiz"]
[Black "Loveid, Erik"]
[Result "1-0"]
[WhiteElo "2061"]
[BlackElo "1913"]
[PlyCount "101"]
[EventDate "2022.10.27"]
[EventType "tourn"]
[EventRounds "5"]
[EventCountry "DEN"]
[SourceTitle "EXT 2024"]
[Source "ChessBase"]
[SourceDate "2023.10.10"]
[SourceVersion "1"]
[SourceVersionDate "2023.10.10"]
[SourceQuality "1"]

1. d4 d6 2. c4 e5 3. d5 f5 4. Nc3 Nf6 5. Nf3 Be7 6. g3 0-0 7. Bg2 Na6 8. Nd2 Bd7 9. 0-0 c5 10. dxc6 Bxc6 11. Nf3 Nc7 12. Qb3 Kh8 13. Rd1 Qe8 14. Bg5 Rd8 15. Rd2 Ne4 16. Nxe4 fxe4 17. Bxe7 Qxe7 18. Ne1 Qf7 19. e3 Ne6 20. Rad1 Nc5 21. Qc2 Qf6 22. b4 Ba4 23. Qb1 Bxd1 24. Qxd1 Ne6 25. Bxe4 Ng5 26. Bg2 Qf5 27. h4 Nh3+ 28. Bxh3 Qxh3 29. Rxd6 Rxd6 30. Qxd6 Qf5 31. Nd3 h6 32. c5 Kh7 33. e4 Qf3 34. Nf4 Rxf4 35. gxf4 Qxf4 36. Qd5 h5 37. b5 Qxh4 38. Qxe5 Qg4+ 39. Kh2 Qh4+ 40. Kg2 Qg4+ 41. Qg3 Qxe4+ 42. Qf3 Qg6+ 43. Kh2 Qg5 44. Qe4+ Kh8 45. Qe8+ Kh7 46. Qe4+ Kh8 47. c6 bxc6 48. bxc6 Qd8 49. Qf4 Kg8 50. c7 Qc8 51. Qd6 1-0

[Event "DEN-ch G7 Gr-1"]
[Site "Svendborg"]
[Date "2022.04.14"]
[Round "3"]
[White "Marthedal, Anton Mehmet Yildiz"]
[Black "Jensen, Tobias Ilsoe"]
[Result "0-1"]
[WhiteElo "2025"]
[BlackElo "2154"]
[PlyCount "84"]
[EventDate "2022.04.12"]
[EventType "swiss"]
[EventRounds "7"]
[EventCountry "DEN"]
[SourceTitle "EXT 2024"]
[Source "ChessBase"]
[SourceDate "2023.10.10"]
[SourceVersion "1"]
[SourceVersionDate "2023.10.10"]
[SourceQuality "1"]

1. Nf3 d5 2. d4 c5 3. dxc5 e6 4. Bg5 Nf6 5. e3 Bxc5 6. Bb5+ Bd7 7. Bd3 Nc6 8. 0-0 h6 9. Bh4 e5 10. e4 g5 11. exd5 Ne7 12. Bg3 e4 13. d6 Nf5 14. Re1 Nxg3 15. hxg3 Qb6 16. Qd2 0-0-0 17. Bxe4 Nxe4 18. Rxe4 Bc6 19. Re2 Qxb2 20. Qc3 Qxc3 21. Nxc3 g4 22. Ne5 Bd4 23. Nxf7 Bxc3 24. Rd1 Rh7 25. Re7 Rxf7 26. Rxf7 Be5 27. Rc7+ Kb8 28. Rh7 Rxd6 29. Rxd6 Bxd6 30. Rxh6 Kc7 31. Rg6 Bd7 32. Kf1 a5 33. Ke2 a4 34. Kd2 a3 35. Rg7 Kc6 36. c4 Be6 37. Rg6 Bxc4 38. Rxg4 Bxa2 39. Ra4 Bb3 40. Ra8 a2 41. f4 Be6 42. Kc3 Be7 0-1

[Event "Aarhus op"]
[Site "Aarhus"]
[Date "2020.02.15"]
[Round "5"]
[White "Marthedal, Anton Mehmet Yildiz"]
[Black "Zander, Emil"]
[Result "1-0"]
[WhiteElo "1920"]
[BlackElo "1462"]
[PlyCount "59"]
[EventDate "2020.02.14"]
[EventType "swiss"]
[EventRounds "7"]
[EventCountry "DEN"]
[SourceTitle "CBM 195 Extra"]
[Source "ChessBase"]
[SourceDate "2020.05.31"]
[SourceVersion "1"]
[SourceVersionDate "2020.05.31"]
[SourceQuality "1"]

1. d4 Nf6 2. Bf4 g6 3. Nd2 Bg7 4. e4 d6 5. Ngf3 Bg4 6. Bc4 Nbd7 7. c3 e5 8. Bg5 0-0 9. 0-0 Nb6 10. Bb3 Re8 11. h3 Bxf3 12. Qxf3 a5 13. a3 Rc8 14. Rfe1 c5 15. d5 c4 16. Ba2 Na4 17. Bxc4 Nc5 18. b4 Na6 19. Bb5 Rf8 20. Bxa6 bxa6 21. Nb3 h6 22. Bxf6 Bxf6 23. Nxa5 Bg5 24. Nc6 Qd7 25. Qd3 Ra8 26. c4 f5 27. c5 Rf6 28. Rad1 fxe4 29. Qxe4 Raf8 30. h4 1-0

[Event "Helsingor Xtracon op"]
[Site "Helsingor"]
[Date "2017.07.28"]
[Round "8"]
[White "Marthedal, Anton Mehmet Yildiz"]
[Black "Rendlev, Niels Moller"]
[Result "1-0"]
[WhiteElo "1993"]
[BlackElo "1756"]
[PlyCount "89"]
[EventDate "2017.07.22"]
[EventType "swiss"]
[EventRounds "10"]
[EventCountry "DEN"]
[SourceTitle "CBM 179 Extra"]
[Source "ChessBase"]
[SourceDate "2017.08.23"]
[SourceVersion "1"]
[SourceVersionDate "2017.08.23"]
[SourceQuality "1"]

1. d4 d5 2. Nf3 c6 3. Bg5 f5 4. c4 Nf6 5. e3 e6 6. Nc3 Be7 7. Bd3 Ne4 8. Bxe7 Qxe7 9. Ne5 0-0 10. Ne2 Qb4+ 11. Kf1 Nd2+ 12. Kg1 Nxc4 13. Bxc4 dxc4 14. Qc2 b5 15. h4 Qd6 16. h5 Nd7 17. f4 Nxe5 18. dxe5 Qe7 19. a4 a6 20. axb5 cxb5 21. Nd4 Bb7 22. Qf2 h6 23. Kh2 Kh8 24. Qg3 Qf7 25. Qg6 Qxg6 26. hxg6 Bd5 27. Ra5 Rfc8 28. Rha1 c3 29. bxc3 Rxc3 30. Rxa6 Rac8 31. Rb6 Rxe3 32. Nxe6 Re2 33. Rc1 Ra8 34. Nc7 Rxg2+ 35. Kh1 Rc2+ 36. Nxd5 Rxc1+ 37. Kg2 Rc2+ 38. Kf3 Rc5 39. Ne3 Kg8 40. Nxf5 Kf8 41. Rb7 h5 42. Rf7+ Kg8 43. Rxg7+ Kh8 44. Rh7+ Kg8 45. Nh6+ 1-0

[Event "Copenhagen Challenge"]
[Site "Ballerup"]
[Date "2017.05.14"]
[Round "9"]
[White "Harstad, Christian"]
[Black "Marthedal, Anton Mehmet Yildiz"]
[Result "0-1"]
[WhiteElo "1979"]
[BlackElo "1855"]
[PlyCount "44"]
[EventDate "2017.05.10"]
[EventType "swiss"]
[EventRounds "9"]
[EventCountry "DEN"]
[SourceTitle "CBM 178 Extra"]
[Source "ChessBase"]
[SourceDate "2017.06.22"]
[SourceVersion "1"]
[SourceVersionDate "2017.06.22"]
[SourceQuality "1"]

1. d4 d5 2. c4 dxc4 3. e4 Nf6 4. e5 Nd5 5. Bxc4 Nb6 6. Bb3 Nc6 7. Be3 Bf5 8. Nc3 Nb4 9. Qd2 e6 10. Nge2 Nd3+ 11. Kf1 Nb4 12. a3 N4d5 13. h4 h6 14. Rc1 c6 15. Nf4 Nxf4 16. Bxf4 Be7 17. g3 Qd7 18. Be3 0-0 19. Qe2 c5 20. g4 Bh7 21. Rd1 c4 22. Bxc4 Qc6 0-1

[Event "DEN-ch Kort1 A"]
[Site "Skorping"]
[Date "2017.04.09"]
[Round "2"]
[White "Marthedal, Anton Mehmet Yildiz"]
[Black "Knudsen, Martin"]
[Result "1-0"]
[WhiteElo "1917"]
[BlackElo "2016"]
[PlyCount "79"]
[EventDate "2017.04.08"]
[EventType "swiss"]
[EventRounds "5"]
[EventCountry "DEN"]
[SourceTitle "EXT 2023"]
[Source "ChessBase"]
[SourceDate "2022.10.05"]
[SourceVersion "1"]
[SourceVersionDate "2022.10.05"]
[SourceQuality "1"]

1. e4 d6 2. d4 Nf6 3. Nc3 g6 4. Be3 c6 5. f3 b5 6. Qd2 h5 7. 0-0-0 Bg7 8. e5 dxe5 9. dxe5 Qxd2+ 10. Rxd2 Nfd7 11. f4 0-0 12. g3 a5 13. Bg2 Ra6 14. Nge2 Nb6 15. Bc5 Re8 16. Rhd1 b4 17. Ne4 Bg4 18. Rd8 Kf8 19. Nf6 Bxf6 20. exf6 Nc8 21. Bf1 Ra8 22. h3 Bf3 23. R1d3 Bd5 24. fxe7+ Nxe7 25. Rxe8+ Kxe8 26. Re3 Be6 27. Bxe7 Kxe7 28. Nd4 Nd7 29. Nxe6 fxe6 30. Bc4 Nf8 31. Kd2 Kd6 32. Re5 c5 33. Rg5 Ra7 34. Bd3 Rg7 35. Be4 h4 36. g4 Rf7 37. Ke3 Rg7 38. b3 Rg8 39. f5 exf5 40. gxf5 1-0

[Event "Copenhagen Bronshoj op"]
[Site "Copenhagen"]
[Date "2017.02.16"]
[Round "7"]
[White "Marthedal, Anton Mehmet Yildiz"]
[Black "Andersen, Rune"]
[Result "0-1"]
[WhiteElo "1910"]
[BlackElo "2119"]
[PlyCount "68"]
[EventDate "2017.02.10"]
[EventType "swiss"]
[EventRounds "7"]
[EventCountry "DEN"]
[SourceTitle "CBM 176 Extra"]
[Source "ChessBase"]
[SourceDate "2017.03.02"]
[SourceVersion "1"]
[SourceVersionDate "2017.03.02"]
[SourceQuality "1"]

1. d4 d5 2. c4 c6 3. Nf3 Nf6 4. Nbd2 e6 5. g3 Be7 6. Bg2 0-0 7. b3 Nbd7 8. 0-0 b6 9. Bb2 Bb7 10. Qc2 c5 11. Rfd1 Rc8 12. Rac1 dxc4 13. bxc4 cxd4 14. Bxd4 Qc7 15. a4 h6 16. Qb2 Rfd8 17. e4 Bc6 18. e5 Ne4 19. Nxe4 Bxe4 20. Ne1 Bxg2 21. Nxg2 Nb8 22. Ne3 Nc6 23. Bc3 Bc5 24. Rxd8+ Rxd8 25. Qe2 Bd4 26. f4 Bxc3 27. Rxc3 Nd4 28. Qf2 Qc6 29. Nc2 Qe4 30. Qe3 Ne2+ 31. Kf2 Nxc3 32. Qxc3 Rd3 33. Qe1 Qf3+ 34. Kg1 Rd1 0-1

[Event "Copenhagen Bronshoj op"]
[Site "Copenhagen"]
[Date "2017.02.11"]
[Round "2"]
[White "Larsen, Preben R"]
[Black "Marthedal, Anton Mehmet Yildiz"]
[Result "0-1"]
[WhiteElo "1823"]
[BlackElo "1910"]
[PlyCount "58"]
[EventDate "2017.02.10"]
[EventType "swiss"]
[EventRounds "7"]
[EventCountry "DEN"]
[SourceTitle "CBM 176 Extra"]
[Source "ChessBase"]
[SourceDate "2017.03.02"]
[SourceVersion "1"]
[SourceVersionDate "2017.03.02"]
[SourceQuality "1"]

1. e4 c6 2. d4 d5 3. Nc3 dxe4 4. Nxe4 Bf5 5. Ng3 Bg6 6. h4 h6 7. Nf3 Nd7 8. h5 Bh7 9. c3 Ngf6 10. Bc4 e6 11. Qe2 Be7 12. Ne5 Nxe5 13. dxe5 Nd5 14. Qg4 Rg8 15. 0-0 Qc7 16. Re1 0-0-0 17. Re2 Qb6 18. Bxd5 Rxd5 19. Be3 Qa6 20. f4 g6 21. Kf2 g5 22. f5 Rxe5 23. fxe6 f5 24. Qd4 Rxe6 25. Bc1 Rd6 26. Qe5 Rd7 27. Ke1 Bd6 28. Qe6 Bxg3+ 29. Kf1 c5 0-1

[Event "DEN-ch rapid U1900"]
[Site "Fredericia"]
[Date "2016.09.25"]
[Round "1"]
[White "Marthedal, Anton Mehmet Yildiz"]
[Black "Bjerre, Tim"]
[Result "1/2-1/2"]
[WhiteElo "1853"]
[BlackElo "1573"]
[PlyCount "78"]
[EventDate "2016.09.25"]
[EventType "swiss (rapid)"]
[EventRounds "7"]
[EventCountry "DEN"]
[SourceTitle "EXT 2018"]
[Source "ChessBase"]
[SourceDate "2017.10.13"]
[SourceVersion "1"]
[SourceVersionDate "2017.10.13"]
[SourceQuality "1"]

1. d4 g6 2. Nf3 Bg7 3. Bg5 Nf6 4. e3 d6 5. Bc4 0-0 6. 0-0 Bd7 7. c3 b5 8. Bb3 a5 9. Nbd2 a4 10. Bc2 Na6 11. Re1 c5 12. e4 h6 13. Bh4 g5 14. Bg3 cxd4 15. Nxd4 Bg4 16. N2f3 Qb6 17. Qd3 e5 18. Qxb5 Rab8 19. Qxb6 Rxb6 20. Nf5 Rxb2 21. Bxa4 Nc5 22. Bc6 Bxf5 23. exf5 Rc8 24. Bxe5 Rxc6 25. Bd4 Rb8 26. Re2 Nfd7 27. Re7 Bf6 28. Bxf6 Nxf6 29. Nd4 Rcb6 30. g3 R6b7 31. Ree1 Nd3 32. Red1 Ne5 33. f4 Nc4 34. fxg5 hxg5 35. a4 Ra7 36. Nc6 Rba8 37. Nxa7 Rxa7 38. Rd4 d5 39. Kg2 Kf8 1/2-1/2

[Event "DEN-ch rapid U1900"]
[Site "Fredericia"]
[Date "2016.09.25"]
[Round "7"]
[White "Marthedal, Anton Mehmet Yildiz"]
[Black "Poulsen, Peter Risgaard"]
[Result "1-0"]
[WhiteElo "1853"]
[BlackElo "1886"]
[PlyCount "61"]
[EventDate "2016.09.25"]
[EventType "swiss (rapid)"]
[EventRounds "7"]
[EventCountry "DEN"]
[SourceTitle "EXT 2018"]
[Source "ChessBase"]
[SourceDate "2017.10.13"]
[SourceVersion "1"]
[SourceVersionDate "2017.10.13"]
[SourceQuality "1"]

1. d4 Nf6 2. Nf3 e6 3. Bg5 Be7 4. e3 b6 5. Bd3 Bb7 6. 0-0 h6 7. Bh4 g5 8. Bg3 d6 9. Qe2 g4 10. Nfd2 h5 11. Bh4 Nd5 12. Bxe7 Qxe7 13. a3 Nd7 14. c4 N5f6 15. Nc3 h4 16. e4 e5 17. dxe5 Nxe5 18. Nd5 Bxd5 19. cxd5 0-0-0 20. a4 Nh5 21. a5 Nf4 22. Ba6+ Kb8 23. Qb5 Nf3+ 24. Nxf3 gxf3 25. Qc6 Ne2+ 26. Bxe2 Qd7 27. Qxd7 Rxd7 28. Bxf3 Re7 29. axb6 cxb6 30. Rac1 a5 31. Rc6 1-0

[Event "DEN-ch rapid U1900"]
[Site "Fredericia"]
[Date "2016.09.25"]
[Round "6"]
[White "Westenborg, Allan"]
[Black "Marthedal, Anton Mehmet Yildiz"]
[Result "0-1"]
[WhiteElo "1738"]
[BlackElo "1853"]
[PlyCount "80"]
[EventDate "2016.09.25"]
[EventType "swiss (rapid)"]
[EventRounds "7"]
[EventCountry "DEN"]
[SourceTitle "EXT 2018"]
[Source "ChessBase"]
[SourceDate "2017.10.13"]
[SourceVersion "1"]
[SourceVersionDate "2017.10.13"]
[SourceQuality "1"]

1. d4 d5 2. Nf3 Nf6 3. Bf4 c5 4. c3 Nc6 5. e3 Qb6 6. Qb3 c4 7. Qxb6 axb6 8. Nbd2 b5 9. Be2 h6 10. h3 Bf5 11. 0-0 e6 12. a3 Be7 13. Ne5 0-0 14. g4 Bh7 15. Nxc6 bxc6 16. Nf3 Nd7 17. Kg2 Ra7 18. g5 hxg5 19. Nxg5 Bf5 20. Nf3 f6 21. Rg1 Kf7 22. h4 Nb6 23. Rad1 Rh8 24. Rh1 Na4 25. Rd2 Be4 26. Rh2 c5 27. Kg3 b4 28. cxb4 cxb4 29. Ne1 bxa3 30. bxa3 Bxa3 31. f3 Bh7 32. e4 Nc3 33. exd5 exd5 34. h5 Bc1 35. Bf1 Bxd2 36. Bxd2 Nb5 37. Be3 Ra1 38. Re2 Re8 39. Kf2 Nc3 40. Rb2 Nd1+ 0-1

[Event "Helsingor Xtracon op"]
[Site "Helsingor"]
[Date "2016.07.25"]
[Round "4"]
[White "Marthedal, Anton Mehmet Yildiz"]
[Black "Rasmussen, Bjarne Berring"]
[Result "1-0"]
[WhiteElo "1891"]
[BlackElo "1634"]
[PlyCount "69"]
[EventDate "2016.07.23"]
[EventType "swiss"]
[EventRounds "10"]
[EventCountry "DEN"]
[SourceTitle "CBM 173 Extra"]
[Source "ChessBase"]
[SourceDate "2016.08.29"]
[SourceVersion "1"]
[SourceVersionDate "2016.08.29"]
[SourceQuality "1"]

1. e4 c6 2. d4 d5 3. exd5 cxd5 4. c4 Nf6 5. Nc3 e6 6. Bg5 Be7 7. c5 Nc6 8. Nf3 0-0 9. Bb5 h6 10. Bf4 Qa5 11. 0-0 Qd8 12. h3 Bd7 13. Re1 a6 14. Bxc6 Bxc6 15. b4 b5 16. Ne5 Qc8 17. Qd3 Ne4 18. Nxe4 dxe4 19. Nxc6 Qxc6 20. Qxe4 Qxe4 21. Rxe4 Rfd8 22. Rd1 Rd5 23. Kf1 Rc8 24. Ke2 g5 25. Bh2 Bd8 26. Ra1 Kf8 27. a4 bxa4 28. Rxa4 Rc6 29. Bd6+ Be7 30. b5 Rc8 31. Bxe7+ Kxe7 32. Rxa6 Kf6 33. b6 Kf5 34. Ke3 e5 35. g4+ 1-0